| 000 | 00799nam a2200253Ia 4500 | ||
|---|---|---|---|
| 999 |
_c45740 _d45740 |
||
| 001 | 12567 | ||
| 003 | GE_BSU | ||
| 005 | 20240528121543.0 | ||
| 008 | 181216s2013||||enk|||||||||||||| ||eng|| | ||
| 020 | _a9780415507264x | ||
| 040 | _cGE_BSU | ||
| 041 | _aeng | ||
| 080 | _a616.097 E-97 | ||
| 245 |
_aExercise Immunology / _cEdited by Michael Gleeson,Nicolette Bishop and Neil Walsh. |
||
| 264 |
_aLondon : _bRoutledge, _c2013. |
||
| 300 |
_a424 p.: _bill.; _c24cm. |
||
| 541 | _h123Gel. | ||
| 653 | _aიმუნოლოგია | ||
| 653 | _aმედიცინა | ||
| 700 |
_aGleeson, Michael _eრედაქტორი _922199 |
||
| 700 |
_aBishop, Nicolette _eრედაქტორი _922200 |
||
| 700 |
_aWalsh, Neil _eრედაქტორი _922201 |
||
| 942 |
_cBK _2udc |
||